The shape of things to come: (Record no. 911)
[ view plain ]
| 000 -LEADER | |
|---|---|
| fixed length control field | 00942cam a2200241 a 4500 |
| 001 - CONTROL NUMBER | |
| control field | 911 |
| 003 - CONTROL NUMBER IDENTIFIER | |
| rucl marc code | BD-RjUL |
| 005 - DATE AND TIME OF LATEST TRANSACTION | |
| control field | 20211208233239.0 |
| 008 - FIXED-LENGTH DATA ELEMENTS--GENERAL INFORMATION | |
| fixed length control field | 131124s1968 enkcf 100 0 eng d |
| 035 ## - SYSTEM CONTROL NUMBER | |
| System control number | (BD-RjUL)933 |
| 040 ## - CATALOGING SOURCE | |
| Original cataloging agency | DLC |
| Transcribing agency | DLC |
| Modifying agency | BD-RjUL |
| Language of cataloging | eng |
| 041 ## - LANGUAGE CODE | |
| Language code of text/sound track or separate title | eng |
| 082 00 - DEWEY DECIMAL CLASSIFICATION NUMBER | |
| Classification number | 021 |
| Edition number | 16 |
| Author mark and year | SHA 1968 |
| 110 2# - MAIN ENTRY--CORPORATE NAME | |
| Corporate name or jurisdiction name as entry element | Library Association. |
| Subordinate unit | London and Home Counties Branch. |
| 9 (RLIN) | 116105 |
| 245 14 - TITLE STATEMENT | |
| Title | The shape of things to come: |
| Remainder of title | papers read at the Week-end Conference of the London and Home Counties Branch of the Library Association held at Eastbourne 26th-28th April 1968 under the chairmanship of A. G. S. Enser; |
| Statement of responsibility, etc. | [editor T. D. F. Barnard]. |
| 260 ## - PUBLICATION, DISTRIBUTION, ETC. (IMPRINT) | |
| Place of publication, distribution, etc. | London: |
| Name of publisher, distributor, etc. | Library Association (London & Home Counties Branch), |
| Date of publication, distribution, etc. | 1968. |
| 300 ## - PHYSICAL DESCRIPTION | |
| Pagination | 74 p. : |
| Illustrations | plate, port. ; |
| Size | 19 cm. |
| 650 #0 - SUBJECT ADDED ENTRY--TOPICAL TERM | |
| Topical term or geographic name as entry element | Library science |
| General subdivision | Congresses. |
| 9 (RLIN) | 1349 |
| 700 1# - ADDED ENTRY--PERSONAL NAME | |
| Personal name | Barnard, T. D. F., |
| Relator term | ed. |
| 942 ## - ADDED ENTRY ELEMENTS (KOHA) | |
| Source of classification or shelving scheme | Dewey Decimal Classification |
| Koha item type | Books |
| Lost status | Source of classification or shelving scheme | Damaged status | Not for loan | Collection code | Permanent Location | Current Location | Shelving location | Date acquired | Source of acquisition | Cost, normal purchase price | Total Checkouts | Full call number | Date last seen | Copy number | Koha item type |
|---|---|---|---|---|---|---|---|---|---|---|---|---|---|---|---|
| Dewey Decimal Classification | Not For Loan | Non-fiction | Central Library, University of Rajshahi | Central Library, University of Rajshahi | Reading Room | 26/12/1970 | Sweets Zeits | 14.00 | 021 SHA 1968 | 24/11/2013 | C-1 | Books |